|
|
|
|
| LEADER |
00000nam0a2200000 4500 |
| 001 |
253463 |
| 005 |
20231101232839.0 |
| 010 |
|
|
|a 5020140589
|
| 035 |
|
|
|a (RuTPU)RU\TPU\book\275852
|
| 035 |
|
|
|a RU\TPU\book\41373
|
| 090 |
|
|
|a 253463
|
| 100 |
|
|
|a 20140313d1989 m y0rusy50 ca
|
| 101 |
0 |
|
|a rus
|
| 102 |
|
|
|a RU
|
| 105 |
|
|
|a a j 000zy
|
| 200 |
1 |
|
|a Элементарная физика с примерами решения задач
|f И. П. Гурский
|g под ред. И. В. Савельева
|
| 205 |
|
|
|a 4-е изд., испр.
|
| 210 |
|
|
|a Москва
|c Наука
|d 1989
|
| 215 |
|
|
|a 446 с.
|c ил.
|
| 606 |
1 |
|
|a Физика
|2 stltpush
|3 (RuTPU)RU\TPU\subj\63709
|9 80688
|
| 610 |
1 |
|
|a механика
|
| 610 |
1 |
|
|a жидкость
|
| 610 |
1 |
|
|a газы
|
| 610 |
1 |
|
|a молекулярная физика
|
| 610 |
1 |
|
|a тепловые давления
|
| 610 |
1 |
|
|a электродинамика
|
| 610 |
1 |
|
|a колебания
|
| 610 |
1 |
|
|a волны
|
| 610 |
1 |
|
|a оптика
|
| 610 |
1 |
|
|a атомы
|
| 610 |
1 |
|
|a строение
|
| 610 |
1 |
|
|a задачи
|
| 610 |
1 |
|
|a решения
|
| 610 |
1 |
|
|a практические пособия
|
| 610 |
1 |
|
|a учебные пособия
|
| 675 |
|
|
|a 53(076)
|v 3
|
| 700 |
|
1 |
|a Гурский
|b И. П.
|g Исаак Павлович
|
| 702 |
|
1 |
|a Савельев
|b И. В.
|4 340
|
| 801 |
|
1 |
|a RU
|b 63413507
|c 20020513
|g PSBO
|
| 801 |
|
2 |
|a RU
|b 63413507
|c 20140522
|g PSBO
|
| 942 |
|
|
|c BK
|